[Event "Winnipeg TNT 2023.05"]
[Site "Winnipeg CAN"]
[Date "2023.05.02"]
[Round "1.3"]
[White "March, John"]
[Black "Rutter, Blair"]
[Result "0-1"]
[WhiteElo "1406"]
[BlackElo "1853"]
[PlyCount "94"]
[EventDate "2023.05.02"]
[EventType "swiss"]
[EventRounds "5"]
[EventCountry "CAN"]

1. c4 e6 2. g3 d5 3. Bg2 Nf6 4. d4 c6 5. c5 Be7 6. Nf3 Nbd7 7. O-O O-O 8. Bf4
Ne4 9. Nfd2 f5 10. Nxe4 fxe4 11. e3 g5 12. Qg4 Nb8 13. Be5 Qe8 14. Nc3 h5 15.
Qd1 Nd7 16. Bc7 g4 17. h4 Qg6 18. Ne2 Nf6 19. Nf4 Qh7 20. b4 Bd8 21. Be5 Bc7
22. Bxc7 Qxc7 23. Nxh5 Nxh5 24. Qxg4+ Ng7 25. h5 e5 26. Qg6 Qf7 27. Qxf7+ Rxf7
28. h6 Nf5 29. dxe5 Nxh6 30. f4 Nf5 31. Rfe1 Nxg3 32. Kh2 Nf5 33. Bh3 Rh7 34.
Rg1+ Kh8 35. Rae1 Nh4 36. Bxc8 Nf3+ 37. Kg3 Rxc8 38. e6 Rg7+ 39. Kf2 Rxg1 40.
Rxg1 Nxg1 41. Kxg1 Kg7 42. Kg2 Kf6 43. Kg3 Kf5 44. a4 Re8 45. b5 Rxe6 46. a5
cxb5 47. Kh4 b4 0-1

[Event "Winnipeg TNT 2023.05"]
[Site "Winnipeg CAN"]
[Date "2023.05.02"]
[Round "1.4"]
[White "Dhillon, Iqvinder"]
[Black "Repaka, Prabhav"]
[Result "1-0"]
[WhiteElo "1761"]
[BlackElo "1400"]
[PlyCount "75"]
[EventDate "2023.05.02"]
[EventType "swiss"]
[EventRounds "5"]
[EventCountry "CAN"]

1. b3 e5 2. Bb2 Nc6 3. e3 d5 4. Bb5 Bd6 5. f4 exf4 6. Bxg7 Qh4+ 7. Kf1 fxe3 8.
Qe1 Qf4+ 9. Nf3 Bc5 10. dxe3 Bxe3 11. Bd4 Kd8 12. Qxe3 Qxe3 13. Bxe3 Nb4 14.
Bd3 b6 15. Ne5 Ke7 16. a3 Nxd3 17. cxd3 f6 18. Nc6+ Kd6 19. Nd4 c5 20. Bf4+ Ke7
21. Nf3 Bf5 22. Ke2 Re8 23. Kd2 Rd8 24. Re1+ Kf7 25. Nc3 Ne7 26. Nb5 Nc8 27. a4
a6 28. Na3 Rhg8 29. g3 Ne7 30. Bc7 Rc8 31. Bxb6 Nc6 32. Rf1 Bg4 33. Nc2 a5 34.
Rae1 Bxf3 35. Rxf3 c4 36. bxc4 dxc4 37. d4 Rg4 38. d5 1-0

[Event "Winnipeg TNT 2023.05"]
[Site "Winnipeg CAN"]
[Date "2023.05.02"]
[Round "1.5"]
[White "Roberts, Allan"]
[Black "Badejo, Femi"]
[Result "1/2-1/2"]
[WhiteElo "1369"]
[BlackElo "1747"]
[PlyCount "105"]
[EventDate "2023.05.02"]
[EventType "swiss"]
[EventRounds "5"]
[EventCountry "CAN"]

1. e4 e5 2. Nf3 d6 3. d4 exd4 4. Nxd4 Nf6 5. Nc3 Bg4 6. f3 Bd7 7. Bg5 Nc6 8.
Nd5 Be7 9. Qd2 Nxd5 10. Nxc6 Bxg5 11. Nxd8 Bxd2+ 12. Kxd2 Ne7 13. Nxb7 Nc6 14.
Bb5 Ne5 15. Bxd7+ Kxd7 16. Na5 g5 17. h3 Rab8 18. Nb3 c5 19. Rab1 Rb5 20. Nc1
Nc4+ 21. Kc3 Rb4 22. b3 Rhb8 23. Nd3 Na3 24. Rbd1 Rd4 25. e5 Nb5+ 26. Kb2 c4
27. c3 Rxd3 28. Rxd3 cxd3 29. exd6 Nxd6 30. Rd1 d2 31. Kc2 Re8 32. Rxd2 Re5 33.
Kd1 Ke6 34. Re2 Rxe2 35. Kxe2 Kd5 36. Kd3 a5 37. c4+ Kc5 38. g4 f6 39. a3 Nf7
40. Ke4 Nd6+ 41. Kd3 f5 42. Kc3 f4 43. b4+ axb4+ 44. axb4+ Kc6 45. Kd4 Kd7 46.
Kd5 Kc7 47. b5 h6 48. b6+ Kd7 49. c5 Nb5 50. c6+ Kc8 51. Kc5 Nc3 52. Kd6 Nb5+
53. Kc5 1/2-1/2

[Event "Winnipeg TNT 2023.05"]
[Site "Winnipeg CAN"]
[Date "2023.05.02"]
[Round "1.6"]
[White "Letain, Cory"]
[Black "Nouri, Basir"]
[Result "1-0"]
[WhiteElo "1743"]
[BlackElo "1265"]
[PlyCount "67"]
[EventDate "2023.05.02"]
[EventType "swiss"]
[EventRounds "5"]
[EventCountry "CAN"]

1. d3 e5 2. g3 d5 3. c3 Nf6 4. b4 Be6 5. Bg2 Qd7 6. Nf3 Qd6 7. O-O Bh3 8. Bxh3
Nc6 9. Qb3 Be7 10. Be3 b6 11. Nbd2 O-O 12. d4 exd4 13. Nxd4 Nxd4 14. Bxd4 c5
15. Bxf6 Bxf6 16. Rac1 c4 17. Qd1 a5 18. Ne4 Qe5 19. Nxf6+ gxf6 20. a3 Rfe8 21.
e3 a4 22. Qg4+ Kh8 23. Bg2 Rg8 24. Qf3 Rg5 25. Rfd1 Rd8 26. Rd4 f5 27. Rcd1
Rdg8 28. Qxd5 Qg7 29. Qxc4 Rh5 30. Rd7 Qh6 31. Qd4+ f6 32. Qf4 Rxh2 33. Qxh6
Rxh6 34. Rb7 1-0

[Event "Winnipeg TNT 2023.05"]
[Site "Winnipeg CAN"]
[Date "2023.05.02"]
[Round "1.7"]
[White "Balamanage, Dineth"]
[Black "MacPherson, Al"]
[Result "0-1"]
[WhiteElo "1224"]
[BlackElo "1651"]
[PlyCount "74"]
[EventDate "2023.05.02"]
[EventType "swiss"]
[EventRounds "5"]
[EventCountry "CAN"]

1. e4 c5 2. Nf3 d6 3. d4 cxd4 4. Nxd4 Nf6 5. Nc3 a6 6. Be3 e6 7. Be2 Be7 8. O-O
Qc7 9. Qd2 O-O 10. Rfd1 Nc6 11. a4 Rd8 12. Ra3 d5 13. Bf3 Bxa3 14. bxa3 Ne5 15.
Bf4 Nxf3+ 16. Nxf3 Qc5 17. exd5 Nxd5 18. Nxd5 Qxd5 19. Qxd5 Rxd5 20. Rxd5 exd5
21. Kf1 Bd7 22. Ke2 Bxa4 23. Kd2 f6 24. Kd3 Rc8 25. c3 Bb5+ 26. Kd4 Rc4+ 27.
Kd3 Rxf4+ 28. Kc2 Be2 29. g3 Rxf3 30. Kd2 Rxf2 31. Ke3 Rxh2 32. a4 Kf7 33. Kd4
Ke6 34. Kc5 Bf3 35. Kb6 Rb2+ 36. Ka5 Be2 37. g4 b6# 0-1

[Event "Winnipeg TNT 2023.05"]
[Site "Winnipeg CAN"]
[Date "2023.05.02"]
[Round "1.8"]
[White "Klokow, John"]
[Black "Mandusic, Ante"]
[Result "1-0"]
[WhiteElo "1638"]
[BlackElo "1216"]
[PlyCount "103"]
[EventDate "2023.05.02"]
[EventType "swiss"]
[EventRounds "5"]
[EventCountry "CAN"]

1. e4 e5 2. Nf3 Nc6 3. Bc4 d6 4. O-O Nf6 5. Ng5 Qe7 6. Nxf7 Rg8 7. Ng5 Rh8 8.
Nc3 Bd7 9. Bf7+ Kd8 10. Bc4 Be8 11. d3 h6 12. Ne6+ Kc8 13. Nxf8 Rxf8 14. Nd5
Nxd5 15. Bxd5 g5 16. c3 Bd7 17. Be3 g4 18. f4 gxf3 19. Rxf3 Rxf3 20. Qxf3 b6
21. Qf7 Qxf7 22. Bxf7 Kb7 23. Bxh6 Rh8 24. Bg5 Bg4 25. Re1 Bd7 26. h4 a5 27. h5
Be8 28. Bxe8 Rxe8 29. Rf1 Rg8 30. Rf5 Rh8 31. h6 Rh7 32. Kf2 b5 33. g4 b4 34.
Bd2 Ne7 35. Rf8 bxc3 36. bxc3 a4 37. Bg5 Ng6 38. Rg8 Nh8 39. Rg7 Rxg7 40. hxg7
Nf7 41. g8=Q Nxg5 42. Qxg5 Kc6 43. Qf6 a3 44. Ke3 Kc5 45. d4+ Kc4 46. Kd2 Kb5
47. Kd3 Ka4 48. Qe6 Kb5 49. Qd5+ Ka4 50. Qb3+ Ka5 51. Kc4 Ka6 52. dxe5 1-0

[Event "Winnipeg TNT 2023.05"]
[Site "Winnipeg CAN"]
[Date "2023.05.02"]
[Round "1.9"]
[White "Ling, Aiden"]
[Black "De Meyer, Oliver"]
[Result "0-1"]
[WhiteElo "1087"]
[BlackElo "1619"]
[PlyCount "106"]
[EventDate "2023.05.02"]
[EventType "swiss"]
[EventRounds "5"]
[EventCountry "CAN"]

1. e4 c6 2. Nf3 d5 3. Nc3 Bg4 4. d4 e6 5. Be2 h6 6. O-O Nf6 7. e5 Nfd7 8. Bf4
Qb6 9. b3 c5 10. Na4 Qc7 11. c4 Qc6 12. Rc1 Na6 13. dxc5 Naxc5 14. Nd4 Bxe2 15.
Qxe2 Qa6 16. Nb5 Kd8 17. Nxc5 Bxc5 18. Rfd1 g5 19. cxd5 gxf4 20. dxe6 Bxf2+ 21.
Kxf2 Qxe6 22. Nd6 b6 23. Qc2 Ke7 24. Nf5+ Kf8 25. Qc7 Qxf5 26. Rxd7 Kg7 27. Rc6
Rac8 28. Rf6 Rxc7 29. Rxc7 Qh5 30. Rxf4 Rf8 31. e6 Qe5 32. Rg4+ Kh8 33. Rxf7
Rxf7+ 34. exf7 Qf5+ 35. Ke3 Qxf7 36. Rf4 Qe6+ 37. Re4 Qc6 38. Kd3 Qg6 39. g3 a5
40. Ke3 Qg5+ 41. Kd3 Qd5+ 42. Ke3 Qc5+ 43. Kd3 Qb5+ 44. Rc4 Qd5+ 45. Kc3 Qg2
46. Rc6 Qxc6+ 47. Kd4 Qc2 48. Kd5 Qxa2 49. Kc6 Qxb3 50. Kc7 a4 51. g4 a3 52. g5
a2 53. Kb7 a1=Q 0-1

[Event "Winnipeg TNT 2023.05"]
[Site "Winnipeg CAN"]
[Date "2023.05.02"]
[Round "1.10"]
[White "Liu, Shawn"]
[Black "Schwartz, Elazar"]
[Result "0-1"]
[WhiteElo "1565"]
[BlackElo "1085"]
[PlyCount "84"]
[EventDate "2023.05.02"]
[EventType "swiss"]
[EventRounds "5"]
[EventCountry "CAN"]

1. e4 e6 2. d4 d5 3. exd5 Qxd5 4. Nc3 Bb4 5. Bd2 Qxd4 6. a3 Bxc3 7. Bxc3 Qxd1+
8. Rxd1 f6 9. Nf3 Ne7 10. Bc4 Nbc6 11. O-O Bd7 12. Rfe1 e5 13. Rd2 O-O-O 14. b4
a6 15. a4 Bg4 16. Re3 Rxd2 17. Nxd2 Nf5 18. Be6+ Kb8 19. Bxf5 Bxf5 20. b5 axb5
21. axb5 Na7 22. b6 cxb6 23. Ne4 Bxe4 24. Rxe4 Rc8 25. Re3 Nb5 26. Bb4 Rxc2 27.
h3 Kc7 28. Rg3 g6 29. Be7 Nd4 30. Kh2 Rxf2 31. Kg1 Rf4 32. Rd3 b5 33. Rc3+ Kd7
34. Re3 Kxe7 35. g3 Rf3 36. Rxf3 Nxf3+ 37. Kf2 b4 38. Kxf3 b3 39. Kg4 b2 40. h4
b1=Q 41. h5 Qf5+ 42. Kh4 Qxh5# 0-1

[Event "Winnipeg TNT 2023.05"]
[Site "Winnipeg CAN"]
[Date "2023.05.09"]
[Round "2.1"]
[White "Klokow, John"]
[Black "Bince, Rolando"]
[Result "0-1"]
[WhiteElo "1638"]
[BlackElo "1855"]
[PlyCount "104"]
[EventDate "2023.05.02"]
[EventType "swiss"]
[EventRounds "5"]
[EventCountry "CAN"]

1. e4 Nf6 2. e5 Nd5 3. Nf3 d6 4. Bc4 Nb6 5. Bb3 d5 6. h3 c5 7. c3 Nc6 8. d4 e6
9. Be3 Nd7 10. Nbd2 b6 11. O-O Ba6 12. Re1 Na5 13. Bc2 Rc8 14. Ng5 g6 15. f4
Be7 16. Ngf3 Nc6 17. Ba4 b5 18. Bc2 cxd4 19. Nxd4 Nxd4 20. Bxd4 Qc7 21. Nf3 b4
22. Rc1 O-O 23. Qd2 bxc3 24. Qxc3 Qb7 25. Qb3 Nb6 26. Bxb6 axb6 27. Bd3 Bxd3
28. Qxd3 b5 29. Kh2 Rc4 30. g3 Rfc8 31. Rcd1 Qb6 32. Kg2 b4 33. Re2 Qc7 34.
Rdd2 Qa7 35. b3 Rc3 36. Qb1 Qc7 37. Nd4 Qb6 38. Qf1 Bc5 39. Nf3 d4 40. Ne1 Qc6+
41. Kh2 Rc1 42. Qg2 Qb6 43. Nd3 Rc3 44. Nxc5 Qxc5 45. Qe4 Rd8 46. Rc2 d3 47.
Rcd2 Rd4 48. Qa8+ Kg7 49. Rg2 Qc7 50. Qf3 Rc2 51. Rxd3 Rxg2+ 52. Kxg2 Qc2+ 0-1

[Event "Winnipeg TNT 2023.05"]
[Site "Winnipeg CAN"]
[Date "2023.05.09"]
[Round "2.2"]
[White "Rutter, Blair"]
[Black "Odeyemi, Emmanuel"]
[Result "0-1"]
[WhiteElo "1853"]
[BlackElo "1446"]
[PlyCount "148"]
[EventDate "2023.05.02"]
[EventType "swiss"]
[EventRounds "5"]
[EventCountry "CAN"]

1. c4 c5 2. g3 Nf6 3. Bg2 g6 4. Nc3 Bg7 5. e4 e5 6. d3 Nc6 7. Nge2 Nd4 8. O-O
O-O 9. h3 d6 10. Be3 a6 11. Rb1 Be6 12. Kh2 Rb8 13. a4 Qd7 14. f4 b5 15. axb5
axb5 16. Bxd4 cxd4 17. Nxb5 Rxb5 18. cxb5 Qxb5 19. Qd2 Nd7 20. b4 f5 21. Rfc1
Nb8 22. Ra1 Na6 23. Rcb1 Qb6 24. Qb2 Rb8 25. Nc1 fxe4 26. dxe4 exf4 27. Nd3
fxg3+ 28. Kh1 Nc7 29. Qc2 Nb5 30. Re1 Nc3 31. Qd2 Qd8 32. Qf4 Bf6 33. Ra6 Nb5
34. Rf1 Be7 35. Qxg3 Qc8 36. Rfa1 Qc3 37. Rc1 Qd2 38. Raa1 Nc3 39. Re1 Rf8 40.
e5 d5 41. Rf1 Bf5 42. Nf4 Ne4 43. Qf3 Bh4 44. Rad1 Nf2+ 45. Rxf2 Qxf2 46. Qxd5+
Kg7 47. Ne6+ Bxe6 48. Qxe6 Qe3 49. Qd7+ Kh6 50. Qxd4 Qxd4 51. Rxd4 Be7 52. b5
Kg5 53. Bc6 Kf5 54. Re4 Ke6 55. Kg2 Rf5 56. Rd4 Rxe5 57. Kf3 Bd6 58. Ra4 Rc5
59. Ra7 Rc3+ 60. Kg4 Kf6 61. Bf3 h5+ 62. Kh4 Rxf3 63. Ra6 Ke7 64. Ra7+ Kf6 65.
Ra6 Ke5 66. Kg5 Rxh3 67. Kxg6 Rh1 68. b6 h4 69. Ra5+ Ke6 70. Rb5 Kd7 71. b7 Bb8
72. Rc5 h3 73. Rc2 h2 74. Kh5 Rb1 0-1

[Event "Winnipeg TNT 2023.05"]
[Site "Winnipeg CAN"]
[Date "2023.05.09"]
[Round "2.3"]
[White "De Meyer, Oliver"]
[Black "Dhillon, Iqvinder"]
[Result "0-1"]
[WhiteElo "1619"]
[BlackElo "1761"]
[PlyCount "57"]
[EventDate "2023.05.02"]
[EventType "swiss"]
[EventRounds "5"]
[EventCountry "CAN"]

1. d4 e6 2. Bf4 f5 3. e3 Nf6 4. Nf3 b6 5. Be2 Bb7 6. c3 Be7 7. O-O O-O 8. Nbd2
Ne4 9. Nxe4 fxe4 10. Nd2 d5 11. Bg4 Bc8 12. a4 Bd6 13. Re1 Bxf4 14. exf4 Rxf4
15. f3 exf3 16. Bxf3 Qf8 17. a5 Nc6 18. Qa4 Bd7 19. Qa2 Nxa5 20. Rf1 Qd6 21.
Rae1 Raf8 22. Re5 c5 23. Bxd5 Rxf1+ 24. Nxf1 exd5 25. Qxd5+ Qxd5 26. Rxd5 Bb5
27. Ng3 Nb7 28. dxc5 Bc6 29. Rd6 0-1

[Event "Winnipeg TNT 2023.05"]
[Site "Winnipeg CAN"]
[Date "2023.05.09"]
[Round "2.4"]
[White "Kumbharathi, Harsha"]
[Black "Letain, Cory"]
[Result "1-0"]
[WhiteElo "1558"]
[BlackElo "1743"]
[PlyCount "51"]
[EventDate "2023.05.02"]
[EventType "swiss"]
[EventRounds "5"]
[EventCountry "CAN"]

1. e4 e6 2. d4 b6 3. b3 Bb7 4. Nd2 Bb4 5. Ngf3 Bxe4 6. a3 Bxd2+ 7. Nxd2 Bb7 8.
Bb2 Nf6 9. f3 Nh5 10. c4 Qh4+ 11. Ke2 Nf4+ 12. Ke3 Qg5 13. Kf2 Qg6 14. g3 Nd3+
15. Bxd3 Qxd3 16. Nf1 Qg6 17. Ne3 O-O 18. h4 Nc6 19. f4 Ne7 20. h5 Qe4 21. d5
Nf5 22. Ng4 exd5 23. Nf6+ gxf6 24. Qg4+ Ng7 25. Bxf6 Qc2+ 26. Kg1 1-0

[Event "Winnipeg TNT 2023.05"]
[Site "Winnipeg CAN"]
[Date "2023.05.09"]
[Round "2.5"]
[White "Schwartz, Elazar"]
[Black "Badejo, Femi"]
[Result "0-1"]
[WhiteElo "1085"]
[BlackElo "1747"]
[Annotator "aboro"]
[PlyCount "98"]
[EventDate "2023.05.02"]
[EventType "swiss"]
[EventRounds "5"]
[EventCountry "CAN"]

1. d4 Nf6 2. c4 g6 3. Nc3 Bg7 4. Bg5 O-O 5. Nf3 c6 6. e4 Qa5 7. Bxf6 exf6 8.
Bd3 d6 9. O-O Re8 10. d5 Bg4 11. h3 Bxf3 12. Qxf3 Nd7 13. dxc6 bxc6 14. Qg3
Rad8 15. Rfd1 Qb6 16. Rab1 a5 17. Qxd6 Ne5 18. Qa3 Nxd3 19. Rd2 Bf8 20. Na4
Bxa3 21. Nxb6 Bc5 22. Na4 Bb4 23. Nc3 Bxc3 24. bxc3 Ne5 25. Rd4 Rxd4 26. cxd4
Nxc4 27. Rc1 Nd6 28. Rxc6 Nxe4 29. f3 Ng3 30. Rxf6 h5 31. Ra6 Rd8 32. Kf2 Nf5
33. Rxa5 Rxd4 34. Ke2 h4 35. Re5 Ra4 36. Kf1 Rxa2 37. Ke1 Kg7 38. Re4 Kh6 39.
Rf4 Kg5 40. Rg4+ Kf6 41. Re4 g5 42. f4 Ra1+ 43. Kf2 Ra2+ 44. Kf3 Ra3+ 45. Kf2
gxf4 46. Rxf4 Ke5 47. Rc4 Nd4 48. Kg1 f5 49. Kf2 Ke4 {
and Black won in a few more moves} 0-1

[Event "Winnipeg TNT 2023.05"]
[Site "Winnipeg CAN"]
[Date "2023.05.09"]
[Round "2.6"]
[White "Bonness, Will"]
[Black "Roberts, Allan"]
[Result "1-0"]
[WhiteElo "1912"]
[BlackElo "1369"]
[PlyCount "51"]
[EventDate "2023.05.02"]
[EventType "swiss"]
[EventRounds "5"]
[EventCountry "CAN"]

1. e4 g6 2. d4 Bg7 3. c3 d6 4. Be3 Nd7 5. Nd2 e6 6. Be2 b6 7. Ngf3 Bb7 8. Qc2
Ne7 9. Bg5 c5 10. O-O f6 11. Bf4 Qc7 12. Qb3 e5 13. dxe5 dxe5 14. Be3 O-O-O 15.
a4 c4 16. Qxc4 Qxc4 17. Nxc4 Nc5 18. Bxc5 bxc5 19. Rfd1 Kc7 20. Nfd2 Bh6 21.
Nb3 Kc6 22. Nca5+ Kb6 23. Nxb7 Rxd1+ 24. Rxd1 c4 25. Bxc4 Rc8 26. N7a5 1-0

[Event "Winnipeg TNT 2023.05"]
[Site "Winnipeg CAN"]
[Date "2023.05.09"]
[Round "2.7"]
[White "Trueman, Francis"]
[Black "Balamanage, Dineth"]
[Result "1-0"]
[WhiteElo "1433"]
[BlackElo "1224"]
[PlyCount "51"]
[EventDate "2023.05.02"]
[EventType "swiss"]
[EventRounds "5"]
[EventCountry "CAN"]

1. e4 c5 2. Nf3 d6 3. d3 g6 4. g3 Bg7 5. Bg2 Nf6 6. O-O O-O 7. Nbd2 Nc6 8. Re1
e5 9. c3 Be6 10. Qe2 Qd7 11. a4 Bh3 12. Nc4 Bxg2 13. Kxg2 Rfe8 14. Bd2 a6 15.
Nb6 Qc7 16. Nxa8 Rxa8 17. Rac1 b5 18. axb5 axb5 19. b4 cxb4 20. cxb4 Qd7 21.
Ra1 Rb8 22. Bc3 Qg4 23. h4 Nh5 24. Kh2 f5 25. Ng1 f4 26. Qxg4 1-0

[Event "Winnipeg TNT 2023.05"]
[Site "Winnipeg CAN"]
[Date "2023.05.09"]
[Round "2.8"]
[White "Ling, Aiden"]
[Black "March, John"]
[Result "1/2-1/2"]
[WhiteElo "1087"]
[BlackElo "1406"]
[PlyCount "81"]
[EventDate "2023.05.02"]
[EventType "swiss"]
[EventRounds "5"]
[EventCountry "CAN"]

1. e4 c6 2. d4 d5 3. exd5 cxd5 4. c4 Nf6 5. Nc3 Bf5 6. cxd5 Nxd5 7. Bc4 Nxc3 8.
bxc3 e6 9. Qb3 Qc7 10. Nf3 Bd6 11. O-O O-O 12. Re1 Nc6 13. Qd1 e5 14. Bb3 e4
15. Ng5 Bxh2+ 16. Kh1 Rae8 17. Bc2 Re7 18. Ba3 Bd6 19. Bxd6 Qxd6 20. Nxe4 Bxe4
21. Bxe4 Rfe8 22. Qg4 Qh6+ 23. Kg1 Nd8 24. f3 b5 25. Kf2 g6 26. Rh1 Qg7 27. Rh2
f5 28. Bd5+ Kf8 29. Qg5 Nf7 30. Bxf7 Qxf7 31. Rah1 Re2+ 32. Kg3 Qc7+ 33. Qf4
Qxf4+ 34. Kxf4 h5 35. Kg5 Kg7 36. g4 Rxh2 37. Rxh2 hxg4 38. fxg4 fxg4 39. Kxg4
Re3 40. Rc2 Kf6 41. Rf2+ 1/2-1/2

[Event "Winnipeg TNT 2023.05"]
[Site "Winnipeg CAN"]
[Date "2023.05.09"]
[Round "2.9"]
[White "Repaka, Prabhav"]
[Black "Liu, Shawn"]
[Result "1-0"]
[WhiteElo "1400"]
[BlackElo "1565"]
[PlyCount "29"]
[EventDate "2023.05.02"]
[EventType "swiss"]
[EventRounds "5"]
[EventCountry "CAN"]

1. e4 e5 2. Nf3 Nc6 3. Bc4 Nf6 4. d3 Bc5 5. Bg5 O-O 6. Nc3 d6 7. Nd5 Bg4 8.
Nxf6+ gxf6 9. Bh6 Re8 10. Qd2 Bxf3 11. gxf3 Nd4 12. Rg1+ Kh8 13. Bg7+ Kg8 14.
Bxf6+ Kf8 15. Qh6# 1-0

[Event "Winnipeg TNT 2023.05"]
[Site "Winnipeg CAN"]
[Date "2023.05.16"]
[Round "3.1"]
[White "Bince, Rolando"]
[Black "Kumbharathi, Harsha"]
[Result "1-0"]
[WhiteElo "1855"]
[BlackElo "1558"]
[PlyCount "75"]
[EventDate "2023.05.02"]
[EventType "swiss"]
[EventRounds "5"]
[EventCountry "CAN"]

1. e4 c6 2. d4 d5 3. e5 c5 4. c3 Nc6 5. a3 cxd4 6. cxd4 Bf5 7. Nc3 e6 8. Nf3
Nge7 9. Be2 Bg4 10. O-O Nf5 11. Be3 Bxf3 12. Bxf3 Qb6 13. Na4 Qc7 14. Rc1 g6
15. Qd3 Bg7 16. b4 Qd7 17. Nc5 Qe7 18. g3 O-O 19. Bg2 f6 20. f4 Rac8 21. Bf2 a6
22. Rfe1 Kf7 23. exf6 Bxf6 24. Nxe6 Rfe8 25. Ng5+ Bxg5 26. Rxe7+ Rxe7 27. Bxd5+
Kg7 28. Qd2 Bf6 29. Bxc6 bxc6 30. g4 Nh4 31. Bxh4 Bxh4 32. g5 Rce8 33. Rc2 Re1+
34. Kg2 R8e3 35. d5 cxd5 36. Qd4+ Kf7 37. Rc7+ Kg8 38. Qg7# 1-0

[Event "Winnipeg TNT 2023.05"]
[Site "Winnipeg CAN"]
[Date "2023.05.16"]
[Round "3.2"]
[White "Dhillon, Iqvinder"]
[Black "Odeyemi, Emmanuel"]
[Result "1-0"]
[WhiteElo "1761"]
[BlackElo "1446"]
[PlyCount "77"]
[EventDate "2023.05.02"]
[EventType "swiss"]
[EventRounds "5"]
[EventCountry "CAN"]

1. b3 d5 2. Bb2 Nf6 3. e3 Nc6 4. Bb5 Bd7 5. f4 a6 6. Bxc6 Bxc6 7. Nf3 g6 8. O-O
Bg7 9. Ne5 Qd6 10. d4 b5 11. Nd2 O-O 12. c4 Qe6 13. Rc1 Rac8 14. e4 bxc4 15.
bxc4 Be8 16. cxd5 Qb6 17. Ba1 c5 18. Qc2 Nd7 19. Nxd7 Bxd7 20. dxc5 Qa7 21.
Bxg7 Kxg7 22. Qb2+ Kg8 23. Qb6 Qa8 24. c6 Rb8 25. Qe3 Bc8 26. Rb1 Rb5 27. Rxb5
axb5 28. a3 Ba6 29. Rc1 Rc8 30. Qc5 Rc7 31. e5 Qe8 32. d6 exd6 33. exd6 Rxc6
34. Qxc6 Qe3+ 35. Kh1 Qxd2 36. d7 Bb7 37. Qc8+ Bxc8 38. dxc8=Q+ Kg7 39. Qc3+
1-0

[Event "Winnipeg TNT 2023.05"]
[Site "Winnipeg CAN"]
[Date "2023.05.16"]
[Round "3.3"]
[White "Badejo, Femi"]
[Black "Bonness, Will"]
[Result "1-0"]
[WhiteElo "1747"]
[BlackElo "1912"]
[PlyCount "97"]
[EventDate "2023.05.02"]
[EventType "swiss"]
[EventRounds "5"]
[EventCountry "CAN"]

1. b3 d5 2. Bb2 Nf6 3. e3 Bf5 4. Nf3 e6 5. Ne5 Be7 6. Be2 O-O 7. d3 Nbd7 8. Nf3
h6 9. Nbd2 c5 10. h3 Rc8 11. g4 Bh7 12. g5 hxg5 13. Nxg5 Bg6 14. h4 e5 15. h5
Bf5 16. e4 dxe4 17. dxe4 Bh7 18. Bc4 Qa5 19. Qf3 b5 20. Nxh7 Nxh7 21. Bc3 Qb6
22. Bd5 Qf6 23. Qg4 Nb6 24. O-O-O Nxd5 25. exd5 Qf4 26. Qg2 b4 27. Bb2 c4 28.
bxc4 Rxc4 29. Kb1 Rcc8 30. Ne4 Rc4 31. Rhg1 Bf6 32. Nxf6+ Qxf6 33. d6 Rd8 34.
Qd5 Rc3 35. Bxc3 bxc3 36. Qc5 e4 37. Qd4 Qxd4 38. Rxd4 Nf6 39. Rg5 Kh7 40. Rc5
Nd7 41. Rxc3 f5 42. Rd5 g6 43. hxg6+ Kxg6 44. Rc7 Nb6 45. Rd4 a5 46. Rb7 Nd7
47. Ra7 Ne5 48. d7 Nc6 49. Ra6 1-0

[Event "Winnipeg TNT 2023.05"]
[Site "Winnipeg CAN"]
[Date "2023.05.16"]
[Round "3.4"]
[White "Rutter, Blair"]
[Black "Klokow, John"]
[Result "1-0"]
[WhiteElo "1853"]
[BlackElo "1638"]
[PlyCount "61"]
[EventDate "2023.05.02"]
[EventType "swiss"]
[EventRounds "5"]
[EventCountry "CAN"]

1. d4 Nf6 2. c4 g6 3. Nc3 d5 4. Nf3 Bg7 5. h3 O-O 6. e3 c5 7. Be2 dxc4 8. Bxc4
Nc6 9. d5 a6 10. dxc6 Qxd1+ 11. Nxd1 b5 12. Be2 Be6 13. O-O Rac8 14. Ne5 Nd5
15. Nd7 Nb4 16. Nxf8 Kxf8 17. Nc3 Nc2 18. Rb1 Na3 19. bxa3 Bxc3 20. Bf3 Bxa2
21. Bb2 Bxb1 22. Bxc3 Bd3 23. Rd1 c4 24. g4 g5 25. Ra1 f6 26. a4 e5 27. axb5
axb5 28. Bd5 Ke7 29. Bb4+ Kd8 30. Ra7 Ke8 31. Bf7+ 1-0

[Event "Winnipeg TNT 2023.05"]
[Site "Winnipeg CAN"]
[Date "2023.05.16"]
[Round "3.5"]
[White "Letain, Cory"]
[Black "Trueman, Francis"]
[Result "1-0"]
[WhiteElo "1743"]
[BlackElo "1433"]
[Annotator "aboro"]
[PlyCount "37"]
[EventDate "2023.05.02"]
[EventType "swiss"]
[EventRounds "5"]
[EventCountry "CAN"]

1. e4 d6 2. Bc4 Nf6 3. Nc3 e5 4. Nf3 Be7 5. d4 Nbd7 6. Bxf7+ Kxf7 7. Ng5+ Kg8
8. Ne6 Qe8 9. Nxc7 Qg6 10. Nxa8 Qxg2 11. Rf1 Nxe4 12. Nxe4 Qxe4+ 13. Qe2 Qxe2+
14. Kxe2 Bd8 15. dxe5 dxe5 16. Be3 b6 17. Rad1 Ba6+ 18. Ke1 Bxf1 19. Rxd7 1-0

[Event "Winnipeg TNT 2023.05"]
[Site "Winnipeg CAN"]
[Date "2023.05.16"]
[Round "3.6"]
[White "March, John"]
[Black "Repaka, Prabhav"]
[Result "0-1"]
[WhiteElo "1406"]
[BlackElo "1400"]
[PlyCount "50"]
[EventDate "2023.05.02"]
[EventType "swiss"]
[EventRounds "5"]
[EventCountry "CAN"]

1. c4 e5 2. g3 Nf6 3. Bg2 Bc5 4. Nc3 Nc6 5. e3 d6 6. Nge2 a6 7. O-O O-O 8. d4
exd4 9. exd4 Ba7 10. Re1 Bf5 11. a3 Re8 12. b4 Ne4 13. Bxe4 Bxe4 14. Nxe4 Rxe4
15. Be3 Qf6 16. c5 dxc5 17. dxc5 Rd8 18. Qc2 Ree8 19. Bf4 Rd7 20. Rad1 Rde7 21.
Rd3 g5 22. Bc1 Ne5 23. Re3 Nf3+ 24. Rxf3 Qxf3 25. Kf1 Qh1+ 0-1

[Event "Winnipeg TNT 2023.05"]
[Site "Winnipeg CAN"]
[Date "2023.05.16"]
[Round "3.7"]
[White "Mandusic, Ante"]
[Black "Roberts, Allan"]
[Result "0-1"]
[WhiteElo "1216"]
[BlackElo "1369"]
[PlyCount "74"]
[EventDate "2023.05.02"]
[EventType "swiss"]
[EventRounds "5"]
[EventCountry "CAN"]

1. d4 g6 2. e3 Bg7 3. Bd3 d6 4. Ne2 Nf6 5. O-O O-O 6. Nbc3 c6 7. a4 Na6 8. b3
Nb4 9. Ba3 a5 10. Nf4 Re8 11. Be2 Bf5 12. Bxb4 axb4 13. Na2 c5 14. dxc5 dxc5
15. Qxd8 Rexd8 16. h3 Ne4 17. Rfd1 Bxa1 18. Rxa1 Rd6 19. g4 Bd7 20. Bf3 f5 21.
gxf5 gxf5 22. Bg2 b5 23. axb5 Bxb5 24. Bf1 Bxf1 25. Kxf1 Nc3 26. Nxc3 Rxa1+ 27.
Ke2 bxc3 28. Nd3 Rxd3 29. Kxd3 Ra8 30. Kxc3 Kf7 31. Kc4 Rc8 32. c3 Ke6 33. b4
cxb4+ 34. Kxb4 Kd6 35. c4 Kc6 36. c5 Kd5 37. Kb5 Rxc5+ 0-1

[Event "Winnipeg TNT 2023.05"]
[Site "Winnipeg CAN"]
[Date "2023.05.16"]
[Round "3.8"]
[White "Liu, Shawn"]
[Black "Ling, Aiden"]
[Result "0-1"]
[WhiteElo "1565"]
[BlackElo "1087"]
[PlyCount "152"]
[EventDate "2023.05.02"]
[EventType "swiss"]
[EventRounds "5"]
[EventCountry "CAN"]

1. e4 c5 2. Nf3 Nc6 3. Nc3 e6 4. Bc4 g6 5. O-O Bg7 6. Re1 Nf6 7. d3 d6 8. Bg5
O-O 9. d4 cxd4 10. Nxd4 Ne5 11. Bd3 Qb6 12. Nb3 Nxd3 13. Qxd3 Ng4 14. Qg3 Ne5
15. Rad1 f5 16. Be7 Rf7 17. Bxd6 Nc4 18. Rd3 Nxb2 19. Rf3 Rd7 20. Bc5 Qc7 21.
exf5 Qxg3 22. Rxg3 exf5 23. Rge3 Bxc3 24. Rxc3 b6 25. Ba3 Na4 26. Rce3 Bb7 27.
Rd3 Rc7 28. Rc1 Nc3 29. Rd2 Nxa2 30. Re1 Be4 31. c4 Nc3 32. Rd4 Rac8 33. c5 Nb5
34. cxb6 Nxd4 35. bxc7 Nxb3 36. Re3 Nd4 37. f3 Rxc7 38. fxe4 Nc2 39. Rd3 Nxa3
40. Rxa3 fxe4 41. Re3 Rc4 42. Kf2 a5 43. Ra3 a4 44. g4 Kf7 45. Ke3 g5 46. h3
Ke6 47. Kd2 Kd6 48. Ke3 Kc5 49. Kd2 Kb4 50. Re3 a3 51. Rg3 a2 52. Rg1 Kb3 53.
Ke3 Kb2 54. Rg2+ Rc2 55. Rg1 Rc1 56. Rg2+ Kb3 57. Rxa2 Kxa2 58. Kxe4 Rh1 59.
Kf5 h6 60. Kg6 Rxh3 61. Kf5 Kb3 62. Kg6 Kc4 63. Kf5 Kd5 64. Kg6 Ke5 65. Kh7 Rh4
66. Kg6 Kf4 67. Kf6 Rxg4 68. Kg6 h5 69. Kxh5 Kf5 70. Kh6 Rh4+ 71. Kg7 g4 72.
Kg8 g3 73. Kf7 Rh7+ 74. Kg8 Re7 75. Kh8 Kg6 76. Kg8 Re8# 0-1